Americanos / indianos : l'altra cara del Garraf / l'altra cara del Garraf /
MARC
| LEADER | 00000nam a2200000 a 4500 | ||
|---|---|---|---|
| 001 | 26818 | ||
| 005 | 20260324181142.0 | ||
| 008 | 980216s1997 spc || o000 ||cat | ||
| 017 | |a DL B. 45334-1997 |b Biblioteca de Catalunya | ||
| 020 | |a 8492015187 | ||
| 043 | |a e-sp--- |b e-spcgf |2 catmarc | ||
| 080 | |a Bib-965 | ||
| 100 | 1 | |a Comas i Güell, Montserrat |9 54447 | |
| 245 | 1 | 0 | |a Americanos / indianos : |b l'altra cara del Garraf / |c Montserrat Comas i Güell, Glòria Llompart i Mallorqués |
| 260 | |a [Barcelona] : |b Consell Comarcal del Garraf, |c DL 1997 | ||
| 300 | |a 68 pàgines : |b il·lustracions ; |c 21 cm + |e 3 fullets ; 20 cm | ||
| 490 | 1 | |a Garraf : aula romàntica ; |v 1 | |
| 504 | |a Bibliografia p. 67 | ||
| 650 | 0 | |a Arquitectura |z Garraf (Catalunya) |x Història |y S. XIX |9 54450 | |
| 650 | 0 | |a Catalans |z Amèrica |x Història |y S. XIX |2 lemac |9 54449 | |
| 651 | 0 | |a Garraf (Catalunya : Comarca) |x Emigració i immigració |x Història |y S. XIX |2 lemac |9 54448 | |
| 700 | 1 | |a Llompart i Mallorquès, Glòria |9 54451 | |
| 710 | 1 | |a Garraf (Catalunya). |b Consell Comarcal |9 54156 | |
| 830 | 0 | |a Garraf ; |v 1 | |
| 908 | |a BMON |a BC |a UAB |a UB |a BMVB |a MS | ||
| 940 | |a BC | ||
| 942 | |2 udc |c ARXIU |n 1 | ||
| 952 | |0 0 |1 0 |4 0 |6 BIB965 |7 0 |9 63903 |a Arxiu |b Arxiu |d 2022-09-12 |l 0 |o Bib-965 |p 26818 |r 2022-09-12 00:00:00 |w 2022-09-12 |y ARXIU | ||
| 999 | |c 82669 |d 82669 | ||